00409cam a22001452 4500001001100000005001700011008004100028020002600069040001500095100003100110245003700141260004000178300001100218600003400229000000755220151217160114.0080215s xx 000 0 eng d a8171811108 :cKES 125 aKABUcKABU1 aPatel, Amrita.@000015880510aVikram Sarabhai /cAmrita Patel. aNew Delhi :bLearners Press,c1994. a48 p.10aSarabhai, Vikram.@0000158806